|
|
|
|
| LEADER |
00000nab a2200000 a 4500 |
| 001 |
vtls000311487 |
| 003 |
SK-MaSNL |
| 005 |
20260304181224.0 |
| 008 |
230223c1977 xo 0 slo |
| 015 |
|
|
|a SNBRB19rr/mm-uuuuu
|
| 035 |
|
|
|a CL0001579
|
| 035 |
|
|
|a urn:nbn:sk:snk-abf1e1
|
| 035 |
|
|
|a (urnnbn)urn:nbn:sk:snk:ar-00526e
|
| 035 |
|
|
|a (uuid)8f4d98ed-ef9c-41f0-9231-090908e3d0c2
|
| 040 |
|
|
|a SNKBUCL
|b slo
|c SNKBUCL
|e AACR2
|
| 041 |
0 |
|
|a slo
|
| 044 |
|
|
|a xo
|c SK
|
| 080 |
|
|
|a 82.09:82(091):885.4"18"(048)
|2 1981
|
| 080 |
|
|
|a 82(091)
|2 1981
|
| 080 |
|
|
|a 885.4"18"(048)
|2 1981
|
| 080 |
|
|
|a 885.4(091)"18"(048)
|2 1981
|
| 100 |
1 |
|
|a Kusý, Ivan,
|d 1921-2000
|4 aut
|9 104521
|
| 245 |
1 |
0 |
|a Rampák, Zoltán: Slovenskí klasickí dramatici 19. storočia a inonárodná dráma
|b Porovnávacie štúdie. Obzor 1975, Bratislava, 272 s
|c Ivan Kusý ; Zoltán Rampák
|
| 650 |
0 |
7 |
|a slovenská dráma
|2 SNKPH
|9 78099
|
| 650 |
0 |
7 |
|a dráma inonárodná
|2 SNK
|9 1511275
|
| 650 |
0 |
7 |
|a slovenská literatúra
|2 SNKPH
|9 1115
|
| 650 |
0 |
7 |
|a literárne vzťahy
|2 SNK
|9 293200
|
| 650 |
0 |
7 |
|a literárna komparatistika
|2 SNKPH
|9 62017
|
| 655 |
|
7 |
|a články z novín a časopisov
|2 SNK
|9 267496
|
| 655 |
|
7 |
|a články z odboru literárna veda a krásna literatúra
|2 SNK
|9 770045
|
| 700 |
1 |
|
|a Rampák, Zoltán,
|d 1920-1998
|4 aut
|9 106868
|
| 773 |
0 |
|
|t Slovenská literatúra
|g Roč. 24, č. 4 (1977), s. 489-492
|
| 787 |
0 |
8 |
|i Rec.:
|a Rampák, Zoltán
|t Slovenskí klasickí dramatici 19. storočia a inonárodná dráma
|d Bratislava : Obzor, 1975
|
| 850 |
|
|
|a Slovenská národná knižnica v Martine
|a MTA001
|
| 852 |
|
|
|a SNK
|b KIS3GCP
|
| 954 |
|
|
|a odborná, vedecká literatúra pôvodná (slovenská)
|2 lita
|
| 958 |
|
|
|a RK
|
| 958 |
|
|
|a LX
|
| 958 |
|
|
|a OND
|
| 958 |
|
|
|a EUIPO
|
| 958 |
|
|
|a article27
|
| 992 |
|
|
|a RBX
|
| 999 |
|
|
|c 3022613
|d 3024543
|